[Event "23rd Asia-ch (w)"]
[Site "Xingtai CHN"]
[Date "2019.06.11"]
[Round "5"]
[White "Wang Doudou"]
[Black "Kiran, Manisha Mohanty"]
[Result "1-0"]
[WhiteElo "2188"]
[BlackElo "2090"]
[EventDate "2019.06.07"]
[PlyCount "71"]

1.d4 Nf6 2.c4 g6 3.Nc3 d5 4.Nf3 Bg7 5.e3 O-O 6.Bd2 c6 7.Rc1 e6 8.Bd3 b6 9.
cxd5 exd5 10.b4 Re8 11.O-O Ne4 12.Qc2 f5 13.b5 Be6 14.bxc6 Nxc6 15.Bb5 Bd7
16.Qa4 Nxc3 17.Rxc3 Nb8 18.Rfc1 a6 19.Bxd7 Nxd7 20.Qb3 Nf6 21.Rc7 b5 22.h3
Re7 23.R7c6 Ne4 24.Bb4 Rd7 25.Ne5 Rda7 26.Ba5 Qxa5 27.Qxd5+ Kh8 28.Rc8+ 
Rxc8 29.Rxc8+ Bf8 30.Rxf8+ Kg7 31.Rf7+ Rxf7 32.Qxf7+ Kh6 33.Qf8+ Kh5 34.
g4+ fxg4 35.hxg4+ Kg5 36.Qf4+ 1-0

[Event "23rd Asia-ch (w)"]
[Site "Xingtai CHN"]
[Date "2019.06.11"]
[Round "5"]
[White "Mahdian, Anousha"]
[Black "Pham Bich Ngoc"]
[Result "0-1"]
[WhiteElo "2078"]
[BlackElo "2167"]
[EventDate "2019.06.07"]
[PlyCount "55"]

1.Nf3 f5 2.d3 Nf6 3.e4 fxe4 4.dxe4 Nxe4 5.Bd3 Nf6 6.Ng5 Nc6 7.Nxh7 Ne5 8.
Ng5 c6 9.Bf4 Qa5+ 10.Nc3 d6 11.Qe2 Nxd3+ 12.cxd3 Nd5 13.Bd2 Nxc3 14.bxc3 
Qf5 15.Rb1 e5 16.f4 Be7 17.Ne4 b6 18.fxe5 Qxe5 19.d4 Qe6 20.O-O d5 21.Ng3 
Qxe2 22.Nxe2 Ba6 23.Rbe1 Bf6 24.Nf4+ Kf7 25.Rf3 Bc4 26.a3 c5 27.dxc5 bxc5 
28.Ne6 0-1

[Event "23rd Asia-ch (w)"]
[Site "Xingtai CHN"]
[Date "2019.06.11"]
[Round "5"]
[White "Tan Li Ting"]
[Black "Mordido, Kylen Joy"]
[Result "1-0"]
[WhiteElo "2066"]
[BlackElo "2133"]
[EventDate "2019.06.07"]
[PlyCount "121"]

1.d4 Nf6 2.c4 c5 3.d5 b5 4.cxb5 a6 5.bxa6 g6 6.Nc3 Bxa6 7.e4 Bxf1 8.Kxf1 
d6 9.Nf3 Nbd7 10.g3 Bg7 11.Kg2 O-O 12.a4 Ra6 13.Qc2 Qa8 14.Nb5 Rc8 15.Bd2 
Nb6 16.a5 Nbd7 17.h3 Ne8 18.Rab1 Qb7 19.Na3 e6 20.dxe6 fxe6 21.b4 cxb4 22.
Rxb4 Qa8 23.Rc4 Rxc4 24.Qxc4 d5 25.exd5 exd5 26.Qb5 Ndf6 27.Rd1 Ne4 28.Qd7
Nxd2 29.Nxd2 Rxa5 30.Re1 Nf6 31.Qe6+ Kh8 32.Rc1 d4+ 33.Nf3 Ne8 34.Rc8 Re5 
35.Rxa8 Rxe6 36.Nb5 Bf8 37.Nbxd4 Re4 38.Rc8 Kg8 39.Ng5 Rxd4 40.Ne6 Rd6 41.
Rxe8 Kf7 42.Rxf8+ Kxe6 43.g4 g5 44.Rf5 h6 45.h4 gxh4 46.Kh3 Ke7 47.Kxh4 
Rc6 48.Kh5 Ra6 49.f4 Rb6 50.Ra5 Rf6 51.f5 Kf8 52.Re5 Rb6 53.Re6 Rb1 54.
Kxh6 Kf7 55.Ra6 Rf1 56.Kg5 Rg1 57.Ra7+ Kg8 58.f6 Rg2 59.Kf5 Rb2 60.Kg6 Rb8
61.Rg7+ 1-0

[Event "23rd Asia-ch (w)"]
[Site "Xingtai CHN"]
[Date "2019.06.11"]
[Round "5"]
[White "Zhang Xiao"]
[Black "Yan Tianqi"]
[Result "1-0"]
[WhiteElo "2234"]
[BlackElo "2036"]
[EventDate "2019.06.07"]
[PlyCount "103"]

1.d4 Nf6 2.c4 e6 3.Nf3 d5 4.e3 c6 5.Nbd2 c5 6.b3 cxd4 7.exd4 Nc6 8.Bb2 Be7
9.Be2 O-O 10.O-O b6 11.Ne5 Bb7 12.Bf3 Rc8 13.Re1 Ba8 14.Rc1 dxc4 15.Nxc6 
Bxc6 16.Bxc6 Rxc6 17.bxc4 Qc7 18.Qb3 Qf4 19.Nf3 Bd6 20.g3 Qf5 21.Kg2 Rc7 
22.Ba3 Bxa3 23.Qxa3 Ne4 24.Qe3 Nd6 25.c5 Nc8 26.Qb3 bxc5 27.Re5 Qf6 28.
Rexc5 Rxc5 29.dxc5 Qe7 30.Qb5 e5 31.Qc6 e4 32.Nd4 Qe5 33.Nb5 f5 34.Rd1 Qb2
35.Qe6+ Kh8 36.Qxf5 Rg8 37.Nd6 Nxd6 38.cxd6 Qe2 39.Rd4 e3 40.d7 exf2 41.
Qxf2 Qe7 42.Rd2 a5 43.Qe2 Qf6 44.Qc4 Rf8 45.Qd3 Qc6+ 46.Qd5 Qf6 47.Rd1 Rd8
48.Re1 Qb2+ 49.Kh3 Qb8 50.Qf7 h6 51.Re8+ Kh7 52.Qf5+ 1-0

[Event "23rd Asia-ch (w)"]
[Site "Xingtai CHN"]
[Date "2019.06.11"]
[Round "5"]
[White "Xia Ri Feng"]
[Black "Frayna, Janelle Mae"]
[Result "1-0"]
[WhiteElo "1991"]
[BlackElo "2157"]
[EventDate "2019.06.07"]
[PlyCount "73"]

1.d4 g6 2.c4 Bg7 3.Nc3 d6 4.e4 e5 5.d5 Nf6 6.f3 Nh5 7.Be3 O-O 8.g4 Nf4 9.
Qd2 c5 10.O-O-O a6 11.h4 f5 12.gxf5 gxf5 13.h5 Kh8 14.Kb1 Bd7 15.h6 Bf6 
16.Bxf4 exf4 17.Bd3 b5 18.Nh3 Be5 19.Rdg1 bxc4 20.Bxc4 fxe4 21.Nxe4 Bf5 
22.Ng5 Qe7 23.Ne6 Rc8 24.Rh5 Bg6 25.Rhg5 Nd7 26.Ka1 Nb6 27.Qe2 Nxc4 28.
Qxc4 Rab8 29.Rxe5 dxe5 30.Qc3 c4 31.Qxe5+ Kg8 32.d6 Qa7 33.Nf6+ Kf7 34.
Ng5+ Kf8 35.Ne6+ Kf7 36.Ng5+ Kf8 37.Nd7+ 1-0

[Event "23rd Asia-ch (w)"]
[Site "Xingtai CHN"]
[Date "2019.06.11"]
[Round "5"]
[White "Hamid, Rani"]
[Black "Kojima, Natsumi"]
[Result "0-1"]
[WhiteElo "1929"]
[BlackElo "1711"]
[EventDate "2019.06.07"]
[PlyCount "90"]

1.e4 e5 2.Nf3 Nc6 3.Bb5 a6 4.Ba4 Nf6 5.O-O Be7 6.Re1 b5 7.Bb3 d6 8.c3 O-O 
9.h3 Nb8 10.d4 Nbd7 11.Nbd2 Bb7 12.Bc2 Re8 13.Nf1 Bf8 14.Ng3 g6 15.Nh2 c5 
16.d5 c4 17.Be3 Nc5 18.Qd2 Qc7 19.Bg5 Be7 20.Nf3 Nfd7 21.Bxe7 Rxe7 22.Qg5 
f6 23.Qg4 Rg7 24.Rad1 Bc8 25.Qh4 Rf7 26.Qh6 Nb6 27.Rd2 a5 28.Nh2 b4 29.Re3
b3 30.axb3 cxb3 31.Bd3 Nxd3 32.Rexd3 a4 33.Rd1 Nc4 34.Qc1 a3 35.bxa3 Rxa3 
36.Ngf1 Bd7 37.Ng4 b2 38.Qc2 Ba4 39.Qe2 Bxd1 40.Rxd1 Rf8 41.Nd2 Nxd2 42.
Qxd2 Qxc3 43.Qe2 Ra1 44.Ne3 Rxd1+ 45.Nxd1 b1=Q 0-1

[Event "23rd Asia-ch (w)"]
[Site "Xingtai CHN"]
[Date "2019.06.12"]
[Round "6"]
[White "Zhai Mo"]
[Black "Vaishali, Ramesh Babu"]
[Result "1-0"]
[WhiteElo "2358"]
[BlackElo "2338"]
[EventDate "2019.06.07"]
[PlyCount "141"]

1.d4 Nf6 2.c4 c5 3.d5 b5 4.cxb5 a6 5.e3 axb5 6.Bxb5 Qa5+ 7.Nc3 Bb7 8.e4 
Nxe4 9.Ne2 e6 10.O-O Be7 11.a4 Nxc3 12.Nxc3 O-O 13.Re1 Qc7 14.Qg4 Bf6 15.
Bf4 Qb6 16.Qg3 exd5 17.Bc7 Qa7 18.a5 Na6 19.Bd6 Rfe8 20.Bxd7 Rxe1+ 21.Rxe1
Nb4 22.Qe3 h6 23.Bf5 Bc6 24.Qxc5 Qxc5 25.Bxc5 Na6 26.Bb6 d4 27.Ne4 Bd8 28.
Bxd4 Bxa5 29.Rc1 Bb7 30.Nd6 Bd5 31.Rc8+ Rxc8 32.Bxc8 Nc7 33.Nf5 Be6 34.
Ne7+ Kf8 35.Bc5 Ke8 36.Bb7 Bd2 37.h4 Bf4 38.b4 Be5 39.Nc6 Bf6 40.g3 Bd5 
41.Na5 Bxb7 42.Nxb7 Kd7 43.Nd6 Be7 44.Ne4 Bxc5 45.Nxc5+ Kc6 46.Kg2 Kb5 47.
Nd3 Nd5 48.Kf3 Nxb4 49.Ne5 f6 50.Ng4 Kc5 51.Ke4 Kd6 52.Kf5 Ke7 53.Kg6 Kf8 
54.Ne3 Nd3 55.Nf5 Nxf2 56.Nxg7 Ne4 57.Nf5 h5 58.Kxh5 Kf7 59.Kh6 Nf2 60.Kh7
Ne4 61.Nh6+ Ke6 62.g4 Nd2 63.Kg7 Nf3 64.Nf5 Ke5 65.h5 Ng5 66.h6 Kf4 67.Nd6
Kxg4 68.Nf7 Ne6+ 69.Kxf6 Nf8 70.Kg7 Ne6+ 71.Kg8 1-0

[Event "23rd Asia-ch (w)"]
[Site "Xingtai CHN"]
[Date "2019.06.12"]
[Round "6"]
[White "Gomes, Mary Ann"]
[Black "Kurbonboeva, Sarvinoz"]
[Result "1-0"]
[WhiteElo "2314"]
[BlackElo "2259"]
[EventDate "2019.06.07"]
[PlyCount "159"]

1.Nf3 c5 2.g3 d5 3.c4 e6 4.Bg2 Nf6 5.b3 Be7 6.O-O Nc6 7.e3 e5 8.d3 e4 9.
dxe4 dxc4 10.Qxd8+ Bxd8 11.bxc4 Nxe4 12.Bb2 O-O 13.Nbd2 Nd6 14.Ne5 Na5 15.
Bd5 Bf6 16.Bc3 Be6 17.Rac1 Rfe8 18.f4 Bd8 19.Bxa5 Bxa5 20.Nb3 Bb6 21.Rfd1 
Rad8 22.Rd3 Bf5 23.Rd2 Kf8 24.Re1 f6 25.Nf3 Ne4 26.Bxe4 Bxe4 27.Rxd8 Rxd8 
28.Nfd2 Bc6 29.Kf2 a5 30.Rb1 Bc7 31.Ke2 b6 32.Na1 f5 33.Nc2 Be8 34.Na3 
Bh5+ 35.Ke1 Rd7 36.Nb5 Bd8 37.Nc3 Rd3 38.Nd5 Ra3 39.Rb2 Ke8 40.Nb1 Ra4 41.
Nd2 Bf7 42.Nc3 Rb4 43.Rxb4 axb4 44.Nb5 Bh5 45.Nd6+ Kd7 46.Nxf5 Bf6 47.e4 
Bc3 48.Ne3 Kc6 49.e5 Bf7 50.Ke2 b5 51.Ne4 Bd4 52.Nd6 bxc4 53.Nxf7 b3 54.
axb3 cxb3 55.Nc4 b2 56.Nxb2 Bxb2 57.Kd3 Kd5 58.Nd6 Bd4 59.Nf5 c4+ 60.Kc2 
Bg1 61.Nxg7 Bxh2 62.Nh5 h6 63.Kc3 Bg1 64.Nf6+ Kc5 65.Ng4 h5 66.Nf6 h4 67.
gxh4 Bh2 68.Nh5 Kd5 69.Kc2 Ke6 70.Kc3 Kd5 71.Kd2 Ke6 72.Ke3 c3 73.Kd3 Bg1 
74.Ng7+ Kf7 75.Nf5 Ke6 76.Ne3 Bf2 77.h5 c2 78.Nxc2 Kf5 79.Nd4+ Kxf4 80.h6 
1-0

[Event "23rd Asia-ch (w)"]
[Site "Xingtai CHN"]
[Date "2019.06.12"]
[Round "6"]
[White "Mendoza, Shania Mae"]
[Black "Pham Le Thao Nguyen"]
[Result "0-1"]
[WhiteElo "2171"]
[BlackElo "2370"]
[EventDate "2019.06.07"]
[PlyCount "108"]

1.e4 c5 2.Nf3 e6 3.d4 cxd4 4.Nxd4 a6 5.Bd3 Bc5 6.Nb3 Be7 7.Qg4 g6 8.Qe2 d6
9.Nc3 Nc6 10.O-O Qc7 11.Bd2 Bd7 12.a4 Ne5 13.a5 Nf6 14.Be3 O-O 15.Bb6 Qb8 
16.f4 Nxd3 17.cxd3 Bc6 18.Nd2 Nd7 19.Nc4 Nxb6 20.Nxb6 Qa7 21.Kh1 Rad8 22.
d4 Rfe8 23.f5 exf5 24.d5 Bd7 25.Qf2 Rf8 26.Rae1 f4 27.Qxf4 Qb8 28.Qh6 Qc7 
29.Re3 f6 30.b4 Rf7 31.Rc1 Bf8 32.Qh4 Bb5 33.Qe1 Qe7 34.Nxb5 axb5 35.Re2 
Qe5 36.Qd2 Qh5 37.Qd3 Bh6 38.Rf1 Qh4 39.Kg1 Re8 40.g3 Qg4 41.Kg2 f5 42.h3 
Qh5 43.Qxb5 Re5 44.Qc4 Rc7 45.Qb5 Bg7 46.Rff2 Rc3 47.Nd7 Qg5 48.Rf3 Rxf3 
49.Kxf3 Rxe4 50.Rxe4 fxe4+ 51.Kxe4 Qf5+ 52.Ke3 Bh6+ 53.Kd4 Qf2+ 54.Kc3 
Bg7+ 0-1

[Event "23rd Asia-ch (w)"]
[Site "Xingtai CHN"]
[Date "2019.06.12"]
[Round "6"]
[White "San Diego, Marie Antoinette"]
[Black "Hoang Thi Bao Tram"]
[Result "0-1"]
[WhiteElo "2080"]
[BlackElo "2293"]
[EventDate "2019.06.07"]
[PlyCount "76"]

1.d4 d5 2.Bf4 Nf6 3.e3 g6 4.c3 Bg7 5.h3 O-O 6.Nf3 c5 7.Nbd2 b6 8.Be2 Bb7 
9.O-O Nc6 10.a4 Ne8 11.Qb3 Na5 12.Qa3 c4 13.b3 cxb3 14.Nxb3 Nc4 15.Bxc4 
dxc4 16.Nbd2 Rc8 17.a5 b5 18.a6 Bc6 19.e4 f5 20.exf5 Rxf5 21.Bg3 Nd6 22.
Rfe1 Bd5 23.Rab1 Rb8 24.Re2 Bf8 25.Bh4 Qc7 26.Ne5 e6 27.g4 Rxe5 28.Rxe5 
Nf5 29.Qc1 Nxh4 30.f4 Bd6 31.Qf1 Bxe5 32.dxe5 Qb6+ 33.Qf2 Nf3+ 34.Nxf3 
Bxf3 35.Kf1 Be4 36.Re1 Bd3+ 37.Kg1 Qxf2+ 38.Kxf2 b4 0-1

[Event "23rd Asia-ch (w)"]
[Site "Xingtai CHN"]
[Date "2019.06.12"]
[Round "6"]
[White "Pham Bich Ngoc"]
[Black "Li Yunshan"]
[Result "0-1"]
[WhiteElo "2167"]
[BlackElo "2264"]
[EventDate "2019.06.07"]
[PlyCount "72"]

1.c4 c5 2.g3 Nf6 3.Bg2 g6 4.Nc3 Bg7 5.Nf3 d5 6.cxd5 Nxd5 7.O-O Nc6 8.a3 
O-O 9.Qc2 b6 10.Nxd5 Qxd5 11.d4 Bf5 12.Qa4 Be4 13.dxc5 bxc5 14.Be3 Nd4 15.
Bxd4 cxd4 16.Rad1 Qb7 17.b4 d3 18.Rxd3 Bxd3 19.exd3 Qb6 20.Nd2 Rad8 21.Nb3
Bd4 22.Na5 e5 23.Nc6 Rd6 24.Qc2 Kg7 25.a4 Rc8 26.Rc1 Rf6 27.Kh1 Rxf2 28.
Qc4 Bb2 29.a5 Qe3 30.Rb1 Qe2 31.Qd5 Qc2 32.Rg1 Rxg2 33.Rxg2 Qc1+ 34.Rg1 
Qxc6 35.Qxc6 Rxc6 36.Rb1 Rc1+ 0-1

[Event "23rd Asia-ch (w)"]
[Site "Xingtai CHN"]
[Date "2019.06.12"]
[Round "6"]
[White "Ren Xiaoyi"]
[Black "Tan Li Ting"]
[Result "1-0"]
[WhiteElo "2255"]
[BlackElo "2066"]
[EventDate "2019.06.07"]
[PlyCount "79"]

1.d4 Nf6 2.c4 e6 3.Nc3 d5 4.Bg5 Be7 5.e3 h6 6.Bh4 O-O 7.Nf3 b6 8.Rc1 Bb7 
9.Be2 dxc4 10.Bxc4 Nbd7 11.O-O a6 12.a4 Nd5 13.Bg3 N7f6 14.Nxd5 exd5 15.
Bd3 c5 16.b3 Bd6 17.Ne5 Qe7 18.Bb1 Rfd8 19.Qd3 Qe6 20.Rfe1 Ne4 21.Bh4 g5 
22.Bg3 f6 23.Nf3 Bxg3 24.hxg3 Rac8 25.Nh2 f5 26.g4 c4 27.Qe2 fxg4 28.Nxg4 
cxb3 29.f3 h5 30.Ne5 Nd6 31.Qd3 Qh6 32.Qxb3 b5 33.axb5 axb5 34.Rc5 Qg7 35.
Qd3 Rxc5 36.dxc5 Nc4 37.Ng6 Re8 38.f4 Re4 39.f5 d4 40.Qb3 1-0

[Event "23rd Asia-ch (w)"]
[Site "Xingtai CHN"]
[Date "2019.06.12"]
[Round "6"]
[White "Mohota, Nisha"]
[Black "Xia Ri Feng"]
[Result "1-0"]
[WhiteElo "2236"]
[BlackElo "1991"]
[EventDate "2019.06.07"]
[PlyCount "89"]

1.d4 Nf6 2.c4 e6 3.Nc3 Bb4 4.g3 c5 5.Nf3 b6 6.Bg2 Bb7 7.O-O cxd4 8.Qxd4 
Nc6 9.Qd3 O-O 10.Rd1 h6 11.b3 Bc5 12.e3 Qe7 13.a3 a5 14.Bb2 Rad8 15.e4 Ng4
16.Rd2 f5 17.Qc2 Nce5 18.Nxe5 Nxe5 19.Na4 Ng4 20.Nxc5 Qxc5 21.b4 axb4 22.
axb4 Qc6 23.f3 Nf6 24.e5 Ne8 25.f4 Qc8 26.Rad1 Bxg2 27.Kxg2 Nc7 28.b5 g5 
29.fxg5 hxg5 30.Rd6 Rf7 31.Qf2 f4 32.g4 Na8 33.R6d4 Qc5 34.Qc2 f3+ 35.Kf1 
Qxe5 36.Re4 Qc7 37.Re5 Kf8 38.Ba3+ d6 39.Rxe6 Qc8 40.Rexd6 Rxd6 41.Rxd6 
Kg8 42.Rg6+ Rg7 43.Bb2 Rxg6 44.Qxg6+ Kf8 45.Ba3+ 1-0

[Event "23rd Asia-ch (w)"]
[Site "Xingtai CHN"]
[Date "2019.06.12"]
[Round "6"]
[White "Swathi, Ghate"]
[Black "Zhang Xiao"]
[Result "0-1"]
[WhiteElo "2220"]
[BlackElo "2234"]
[EventDate "2019.06.07"]
[PlyCount "70"]

1.e4 c6 2.d4 d5 3.e5 c5 4.dxc5 e6 5.a3 Bxc5 6.b4 Bb6 7.Nf3 Ne7 8.Bd3 Ng6 
9.O-O a5 10.b5 Nd7 11.Re1 Ndxe5 12.Nxe5 Nxe5 13.Rxe5 Bd4 14.Rg5 Bxa1 15.c3
Qf6 16.Qe1 Bb2 17.Bd2 h6 18.Rxd5 Qe7 19.Rd4 Bxa3 20.Nxa3 Qxa3 21.Qe5 Bd7 
22.h3 Ke7 23.Qc7 Rhd8 24.b6 Rac8 25.Qxb7 Qc5 26.Be4 f5 27.Bf3 Rb8 28.Qa7 
Qxb6 29.Qxb6 Rxb6 30.c4 Rb1+ 31.Kh2 a4 32.c5 Bb5 33.Bc3 Rxd4 34.Bxd4 a3 
35.c6 a2 0-1

[Event "23rd Asia-ch (w)"]
[Site "Xingtai CHN"]
[Date "2019.06.12"]
[Round "6"]
[White "Galas, Bernadette"]
[Black "Mahdian, Anousha"]
[Result "1/2-1/2"]
[WhiteElo "2073"]
[BlackElo "2078"]
[EventDate "2019.06.07"]
[PlyCount "92"]

1.e4 c6 2.Nc3 d5 3.Qe2 d4 4.Nd1 e5 5.g3 Bd6 6.Bg2 Ne7 7.Nh3 Ng6 8.f3 a5 9.
c3 Bc7 10.d3 c5 11.c4 a4 12.O-O Nc6 13.Ndf2 h5 14.f4 exf4 15.gxf4 Nh4 16.
f5 Nxg2 17.Kxg2 Qd6 18.Bf4 Ne5 19.Ng5 Qe7 20.Kh1 Bd7 21.Bxe5 Bxe5 22.Nfh3 
O-O-O 23.b3 Bc7 24.Qf2 f6 25.Nf3 g5 26.Nd2 h4 27.bxa4 Bxa4 28.Nb3 Rdg8 29.
Qg2 Qe5 30.Rac1 Bc6 31.Nd2 g4 32.Nf4 h3 33.Qf2 Qxf5 34.Nd5 Qxf2 35.Rxf2 
Bxd5 36.cxd5 g3 37.hxg3 Rxg3 38.Rxc5 Rg2 39.Rxg2 hxg2+ 40.Kg1 Rh1+ 41.Kxg2
Rh2+ 42.Kf3 Rxd2 43.d6 Rxd3+ 44.Ke2 Re3+ 45.Kd2 Rxe4 46.Rxc7+ Kd8 1/2-1/2

[Event "23rd Asia-ch (w)"]
[Site "Xingtai CHN"]
[Date "2019.06.12"]
[Round "6"]
[White "Kiran, Manisha Mohanty"]
[Black "Kojima, Natsumi"]
[Result "1-0"]
[WhiteElo "2090"]
[BlackElo "1711"]
[EventDate "2019.06.07"]
[PlyCount "87"]

1.e4 e5 2.Nf3 Nc6 3.Bb5 a6 4.Ba4 Nf6 5.O-O Be7 6.Re1 b5 7.Bb3 d6 8.a4 Bd7 
9.c3 O-O 10.d3 Na5 11.Bc2 c5 12.Nbd2 Re8 13.Nf1 h6 14.Ng3 Be6 15.h3 Qc7 
16.Nh2 Reb8 17.f4 exf4 18.Bxf4 Nc6 19.a5 g5 20.Bd2 Nxa5 21.Nh5 Nc6 22.Rf1 
Nxh5 23.Qxh5 Bf8 24.h4 Ne5 25.hxg5 hxg5 26.Bxg5 Bg7 27.Bf6 Kf8 28.Bxg7+ 
Kxg7 29.Qg5+ Ng6 30.Rf6 Rh8 31.Raf1 Rh7 32.Rxg6+ fxg6 33.Qf6+ Kg8 34.Qxe6+
Kh8 35.Ng4 Qd7 36.Qf6+ Qg7 37.Qxd6 Rh5 38.Nf6 Rh4 39.Nd5 Qh6 40.Qe5+ Qg7 
41.Qxg7+ Kxg7 42.Nf4 Re8 43.d4 cxd4 44.cxd4 1-0

[Event "23rd Asia-ch (w)"]
[Site "Xingtai CHN"]
[Date "2019.06.12"]
[Round "6"]
[White "Frayna, Janelle Mae"]
[Black "Mordido, Kylen Joy"]
[Result "1-0"]
[WhiteElo "2157"]
[BlackElo "2133"]
[EventDate "2019.06.07"]
[PlyCount "75"]

1.d4 Nf6 2.c4 c5 3.d5 e5 4.Nc3 d6 5.e4 Be7 6.Bd3 O-O 7.Nf3 Na6 8.h3 Nc7 9.
Be3 Rb8 10.a3 a6 11.b4 b6 12.O-O Nce8 13.Rb1 Ra8 14.Qe2 g6 15.bxc5 bxc5 
16.Na4 Nd7 17.Qc2 Ng7 18.Bh6 Qa5 19.Rb2 Qc7 20.Rfb1 Rb8 21.Rxb8 Nxb8 22.
Nb6 Nd7 23.Nxc8 Rxc8 24.Qa4 Nb8 25.Bd2 Bd8 26.Rb2 f6 27.Bc3 Kf7 28.Nd2 Ne8
29.h4 Qd7 30.Qd1 Ng7 31.Qb1 Bc7 32.Rb7 Qd8 33.Bc2 Nd7 34.Ba4 Rb8 35.Bxd7 
Rxb7 36.Be6+ Nxe6 37.dxe6+ Kxe6 38.Qxb7 1-0

[Event "23rd Asia-ch (w)"]
[Site "Xingtai CHN"]
[Date "2019.06.12"]
[Round "6"]
[White "Yan Tianqi"]
[Black "Hamid, Rani"]
[Result "1-0"]
[WhiteElo "2036"]
[BlackElo "1929"]
[EventDate "2019.06.07"]
[PlyCount "77"]

1.e4 c5 2.Nf3 e6 3.c4 Nc6 4.Nc3 d6 5.d4 cxd4 6.Nxd4 Nf6 7.Be2 Be7 8.O-O 
O-O 9.Be3 Nxd4 10.Qxd4 Bd7 11.Rfd1 Bc6 12.b4 b6 13.a4 e5 14.Qd3 a5 15.b5 
Bb7 16.f4 Qc7 17.f5 Rfd8 18.g4 Nd7 19.g5 Nc5 20.Qc2 Rac8 21.g6 Bf6 22.Bh5 
Qe7 23.gxf7+ Kh8 24.Qg2 Nd7 25.Qe2 Bg5 26.Rd3 Bxe3+ 27.Rxe3 Nf6 28.Rh3 Qc7
29.Bg6 Qc5+ 30.Kh1 h6 31.Rd1 d5 32.exd5 Qxc4 33.Qxe5 Ng4 34.Rxh6+ Nxh6 35.
f6 Nxf7 36.fxg7+ Kg8 37.Bxf7+ Kxf7 38.Qe6+ Kxg7 39.Rg1+ 1-0

[Event "23rd Asia-ch (w)"]
[Site "Xingtai CHN"]
[Date "2019.06.13"]
[Round "7"]
[White "Saduakasova, Dinara"]
[Black "Zhai Mo"]
[Result "1-0"]
[WhiteElo "2458"]
[BlackElo "2358"]
[EventDate "2019.06.07"]
[PlyCount "85"]

1.c4 Nf6 2.Nf3 e6 3.g3 d5 4.d4 Be7 5.Bg2 O-O 6.O-O dxc4 7.Qc2 b6 8.Bg5 Nd5
9.Bxe7 Qxe7 10.Nbd2 b5 11.b3 c3 12.Ne4 b4 13.a3 Nc6 14.axb4 Ncxb4 15.Qc1 
c2 16.Nc5 a5 17.Qd2 Bd7 18.Ne1 Bc6 19.Nxc2 e5 20.Nd3 Nxc2 21.Qxc2 Nb4 22.
Nxb4 Bxg2 23.Kxg2 axb4 24.Qe4 Rae8 25.d5 Qd6 26.Ra4 Rd8 27.Rd1 c6 28.Ra6 
Rc8 29.Qc4 Rfd8 30.e4 Qd7 31.Qxb4 h5 32.h3 cxd5 33.Rxd5 Qc7 34.Raa5 Qc2 
35.Rxd8+ Rxd8 36.Rxe5 g6 37.Qc4 Qb2 38.Rd5 Rb8 39.Rd6 Qg7 40.Qd5 Re8 41.
Rd8 Rxd8 42.Qxd8+ Kh7 43.Qe7 1-0

[Event "23rd Asia-ch (w)"]
[Site "Xingtai CHN"]
[Date "2019.06.13"]
[Round "7"]
[White "Batkhuyag, Munguntuul"]
[Black "Li Xueyi"]
[Result "1-0"]
[WhiteElo "2420"]
[BlackElo "2305"]
[EventDate "2019.06.07"]
[PlyCount "83"]

1.e4 c6 2.Nc3 d5 3.Nf3 Nf6 4.e5 Ne4 5.Ne2 Qb6 6.d4 e6 7.Ng3 c5 8.Bd3 Nxg3 
9.hxg3 cxd4 10.g4 Nc6 11.a3 Bd7 12.Qe2 Be7 13.g5 O-O-O 14.Bd2 f6 15.O-O-O 
Kb8 16.gxf6 gxf6 17.exf6 Bxf6 18.Bf4+ Ka8 19.Ne5 Na5 20.Rh6 Rhf8 21.Rxf6 
Rxf6 22.Bg5 Rff8 23.Bxd8 Rxd8 24.Bxh7 Nc4 25.Nxc4 dxc4 26.Qxc4 Bb5 27.Qb3 
Qc6 28.f3 a6 29.Be4 Qd7 30.g4 Rc8 31.Kb1 e5 32.Bf5 Qc7 33.Bxc8 Qxc8 34.Qd5
Qc7 35.Re1 Ba4 36.Qe4 Qc4 37.g5 Bc6 38.Qd3 Qd5 39.g6 Bb5 40.Qe4 Qd7 41.Rh1
Bc4 42.Qxe5 1-0

[Event "23rd Asia-ch (w)"]
[Site "Xingtai CHN"]
[Date "2019.06.13"]
[Round "7"]
[White "Munkhzul, Turmunkh"]
[Black "Karavade, Eesha"]
[Result "1-0"]
[WhiteElo "2371"]
[BlackElo "2370"]
[EventDate "2019.06.07"]
[PlyCount "163"]

1.d4 d5 2.Bf4 Nf6 3.e3 e6 4.Nd2 Bd6 5.Bg3 O-O 6.Bd3 c5 7.c3 Qc7 8.f4 b6 9.
Ngf3 Ba6 10.Bxa6 Nxa6 11.O-O Nb8 12.Bh4 Nfd7 13.Ne5 f6 14.Qg4 f5 15.Qh3 
Nc6 16.Ndf3 Ndxe5 17.dxe5 Be7 18.Rad1 Rad8 19.g4 Bxh4 20.Qxh4 Qf7 21.Rf2 
Qg6 22.Rg2 fxg4 23.Qxg4 Qxg4 24.Rxg4 h6 25.Kf2 Ne7 26.Nh4 Kh7 27.Ke2 Rf7 
28.Nf3 Nf5 29.h4 Rfd7 30.h5 Kg8 31.Rg6 Kf7 32.Rdg1 Rg8 33.Kd3 Rdd8 34.R6g4
Rd7 35.Nh4 Nxh4 36.Rxh4 Re8 37.Rhg4 Kf8 38.Rg6 Rf7 39.R1g4 Rd7 40.a4 Rf7 
41.Rg1 Ree7 42.R6g4 Rf5 43.Rh4 c4+ 44.Kd4 Rff7 45.Rg6 Re8 46.Rhg4 Ree7 47.
Rh4 Re8 48.Rg2 Rc8 49.Rg1 Rd8 50.Rhg4 Rdd7 51.Re1 Rf5 52.Rh4 Rc7 53.a5 
bxa5 54.Ra1 Rb7 55.Rxa5 Rff7 56.Rh2 Rb6 57.Rf2 Rfb7 58.f5 exf5 59.Kxd5 Ke7
60.Rg2 Kf7 61.Kxc4 Rxb2 62.Rxb2 Rxb2 63.Rxa7+ Ke6 64.Rxg7 Kxe5 65.Rg6 Ke4 
66.Re6+ Kf3 67.Kd4 Rd2+ 68.Ke5 Kg4 69.Rxh6 Rd3 70.Rg6+ Kxh5 71.Kxf5 Rxc3 
72.Rg1 Kh6 73.e4 Rf3+ 74.Ke6 Kh7 75.e5 Ra3 76.Kf6 Rf3+ 77.Ke7 Ra3 78.e6 
Re3 79.Kf7 Rf3+ 80.Ke8 Re3 81.e7 Re2 82.Rg4 1-0

[Event "23rd Asia-ch (w)"]
[Site "Xingtai CHN"]
[Date "2019.06.13"]
[Round "7"]
[White "Pham Le Thao Nguyen"]
[Black "Gomes, Mary Ann"]
[Result "1-0"]
[WhiteElo "2370"]
[BlackElo "2314"]
[EventDate "2019.06.07"]
[PlyCount "153"]

1.d4 Nf6 2.c4 e6 3.Nf3 Bb4+ 4.Bd2 Qe7 5.g3 Bxd2+ 6.Nbxd2 d6 7.Bg2 O-O 8.
O-O e5 9.e3 h6 10.d5 a5 11.b3 Na6 12.a3 Bd7 13.Qc2 c6 14.dxc6 Bxc6 15.Qc3 
Nc5 16.b4 Nce4 17.Nxe4 Bxe4 18.Nd2 Bxg2 19.Kxg2 d5 20.c5 Rfd8 21.Rfe1 Qc7 
22.Nf3 Re8 23.Rec1 Rad8 24.Rd1 Ne4 25.Qb2 Re6 26.Rac1 Rf6 27.Rc2 Re6 28.
Qb3 axb4 29.axb4 Qd7 30.b5 Ng5 31.Ng1 Rf6 32.f4 Qf5 33.Qd3 e4 34.Qe2 Ne6 
35.c6 bxc6 36.bxc6 Nc7 37.Rc5 Rdd6 38.Rdc1 Qc8 39.Qb2 Na6 40.c7 Rd7 41.
R5c2 Re6 42.Ne2 Ree7 43.Nd4 Rxc7 44.Rc6 Kh7 45.Qb6 Rxc6 46.Rxc6 Nc7 47.Qc5
Qd7 48.Rd6 Qg4 49.h3 Qd1 50.Rxh6+ Kxh6 51.Qxe7 Qd2+ 52.Kf1 Qc1+ 53.Kf2 
Qb2+ 54.Ne2 Nb5 55.Qh4+ Kg6 56.g4 f5 57.Qh5+ Kf6 58.Qxf5+ Ke7 59.g5 Kd6 
60.Qf8+ Kc6 61.f5 Qe5 62.f6 gxf6 63.gxf6 Nd6 64.Nf4 Qb2+ 65.Ne2 Qe5 66.
Nd4+ Kc5 67.Qe7 Qh2+ 68.Ke1 Kc4 69.Qa7 Qg1+ 70.Kd2 Qf2+ 71.Ne2 Qxf6 72.
Qc7+ Kb4 73.Qb6+ Kc4 74.Qc6+ Kb4 75.Kc2 Qe5 76.Nf4 Nb5 77.Nxd5+ 1-0

[Event "23rd Asia-ch (w)"]
[Site "Xingtai CHN"]
[Date "2019.06.13"]
[Round "7"]
[White "Hoang Thi Bao Tram"]
[Black "Ren Xiaoyi"]
[Result "1/2-1/2"]
[WhiteElo "2293"]
[BlackElo "2255"]
[EventDate "2019.06.07"]
[PlyCount "73"]

1.d4 d5 2.Nf3 Nf6 3.e3 Bf5 4.c4 e6 5.Qb3 Qc8 6.Nc3 c6 7.Bd2 Be7 8.Rc1 O-O 
9.Nh4 Be4 10.Be2 h6 11.O-O Nbd7 12.f4 dxc4 13.Qxc4 Nb6 14.Qb3 Nbd5 15.Nf3 
Nxc3 16.Bxc3 Qc7 17.Nd2 Qb6 18.Nxe4 Nxe4 19.Qc2 Nxc3 20.bxc3 c5 21.Rb1 Qc7
22.Qe4 Rab8 23.f5 Qc6 24.Qxc6 bxc6 25.Rxb8 Rxb8 26.fxe6 fxe6 27.Bc4 Bg5 
28.Rf3 Rb1+ 29.Kf2 Bh4+ 30.g3 Rb2+ 31.Kg1 Bf6 32.Bxe6+ Kf8 33.Rf5 Re2 34.
Rxc5 Rxe3 35.Rxc6 Rxc3 36.d5 Rxc6 37.dxc6 1/2-1/2

[Event "23rd Asia-ch (w)"]
[Site "Xingtai CHN"]
[Date "2019.06.13"]
[Round "7"]
[White "Vaishali, Ramesh Babu"]
[Black "Mohota, Nisha"]
[Result "1-0"]
[WhiteElo "2338"]
[BlackElo "2236"]
[EventDate "2019.06.07"]
[PlyCount "94"]

1.e4 c6 2.d4 d5 3.e5 Bf5 4.h4 h5 5.c4 e6 6.Nc3 Be7 7.Nge2 Bg4 8.Qb3 b6 9.
c5 Qc7 10.Ng3 Nd7 11.f3 Bf5 12.Nxf5 exf5 13.Be3 Nf8 14.Qa4 Qd8 15.O-O-O f4
16.Bxf4 Ng6 17.Bg3 Kf8 18.f4 Bxh4 19.Bxh4 Nxh4 20.Qc2 g6 21.Bd3 Nh6 22.Qf2
N4f5 23.Bxf5 Nxf5 24.g4 Ng7 25.Kb1 f5 26.gxh5 Rxh5 27.Qg2 Qe8 28.Ne2 Kf7 
29.Ng3 Rxh1 30.Rxh1 Qg8 31.Rh6 Ne6 32.Qh2 Nf8 33.Qh4 Qg7 34.a3 Re8 35.Ne2 
Ke6 36.Ng1 Kd7 37.Nf3 Kc8 38.Ng5 a6 39.Rh8 Kb8 40.Ne6 Qf7 41.Nxf8 Rxf8 42.
e6 Qe8 43.Rxf8 Qxf8 44.Qh7 Qe8 45.Qf7 Qh8 46.e7 Qh1+ 47.Ka2 Qf1 1-0

[Event "23rd Asia-ch (w)"]
[Site "Xingtai CHN"]
[Date "2019.06.13"]
[Round "7"]
[White "Kurbonboeva, Sarvinoz"]
[Black "Gu Tianlu"]
[Result "1-0"]
[WhiteElo "2259"]
[BlackElo "2183"]
[EventDate "2019.06.07"]
[PlyCount "92"]

1.d4 d5 2.c4 e6 3.Nf3 Nf6 4.g3 dxc4 5.Bg2 c5 6.O-O Nc6 7.Qa4 Bd7 8.Qxc4 b5
9.Qd3 c4 10.Qd1 Rc8 11.Ne5 Nxe5 12.dxe5 Nd5 13.Nc3 Nxc3 14.bxc3 b4 15.cxb4
Bxb4 16.Rb1 Bc5 17.Bd2 O-O 18.Bb7 Rb8 19.Bc3 Qc7 20.Be4 Rxb1 21.Qxb1 h6 
22.Qb7 Qxb7 23.Bxb7 Bb5 24.Rb1 a6 25.Kf1 Rd8 26.Ke1 Kf8 27.f3 Rd7 28.Be4 
Ke8 29.Bc2 Rc7 30.Ba5 Rb7 31.Bb4 Rc7 32.a4 Bxb4+ 33.Rxb4 Bd7 34.Kd2 a5 35.
Rb8+ Ke7 36.Kc3 Rc5 37.f4 f6 38.Kd4 Rd5+ 39.Kxc4 fxe5 40.fxe5 Rd2 41.Bd3 
Bxa4 42.Rb7+ Bd7 43.Kc3 Rd1 44.Kc2 Rh1 45.Bb5 Rxh2 46.Rxd7+ Kf8 1-0